000 00851nam a2200253Ia 4500
003 OSt
005 20220923223338.0
006 a|||||r|||| 00| 0
007 ta
008 220922b |||||||| |||| 00| 0 hin d
024 _a213,719
037 _cTextual
040 _aARTS
_cARTS
_bhin
041 _2hin
_ahin
082 _aO152,3M89:g, J5
100 _aमाथुर, हर स्वरूप
_9158590
245 0 _aकथाकार
_b जयशंकर प्रसाद
246 _aKathākāra: jayashankar prasāda
260 _aकानपुर
_b साहित्य संस्थान
_c1955
300 _a165 पृ.
_ccm.
650 _aहिन्दी साहित्य
_9156264
942 _hO152,3M89:g, J5
_cTEXL
_2CC
999 _c363927
_d363927